La contaminación /

Introducción al estudio de la contaminación ambiental, que presenta las dimensiones naturales y culturales del problema y una entrevista con Philippe Saint Marc, político francés que desde la década de 1960 ha participado activamente en las luchas para proteger el medio ambiente.

שמור ב:
מידע ביבליוגרפי
מחבר ראשי: Senent, Juan (autor)
מחברים אחרים: Saint Marc, Philippe (autor) (autor), Kister, Pierre (entrevista) (entrevista), Salvat, Manuel (dirección) (dirección), Marco, Joaquín (dirección editorial) (dirección editorial)
פורמט: ספר
שפה:ספרדית
יצא לאור: Barcelona, España : Salvat, 1974, c1973
סדרה:(Biblioteca Salvat de Grandes Temas ; 1)
נושאים:
תגים: הוספת תג
אין תגיות, היה/י הראשונ/ה לתייג את הרשומה!

MARC

LEADER 00000nam^a2200000^a^4500
001 000151761
005 20251208000000.0
009 20260310100221.504
020 |a 84-345-7359-8 
020 |a 84-345-7358-X 
025 |a Donación sin dato, 1 ejemplar 
037 |a Acervo ITESO - Biblioteca 
041 |a ESP 
082 |a 086. 1  |b SAL V. 1 
100 |a Senent, Juan  |e (autor) 
240 1 1 |a [Biblioteca Salvat de grandes temas] 
245 1 3 |a La contaminación /  |c J. Senent, P. Saint Marc ; entrevista de P. Kister ; dir. de M. Salvat ; dir. editorial de J. Marco. 
264 4 |a Barcelona, España :  |b Salvat,  |c 1974, c1973 
300 |a 144 p. 
336 |a texto  |b txt  |2 rdacontenido 
337 |a sin mediación  |b n  |2 rdamedio 
338 |a volumen  |b nc  |2 rdasoporte 
440 1 |a (Biblioteca Salvat de Grandes Temas ;  |v 1) 
520 |a Introducción al estudio de la contaminación ambiental, que presenta las dimensiones naturales y culturales del problema y una entrevista con Philippe Saint Marc, político francés que desde la década de 1960 ha participado activamente en las luchas para proteger el medio ambiente. 
649 |a XX 
650 |a Políticos Franceses -  |x Entrevistas 
650 |a Contaminación Ambiental -  |x Tema Principal 
650 |a Deterioro Ambiental 
650 |a Problemas Sociales 
650 |a Movimientos Ecologistas 
650 |a Movimientos Sociales 
650 |a Política Ambiental 
650 |a Conservación y Protección Ambiental 
650 |a Ecología Social 
650 |a Sociología 
650 |a Ecología 
650 |a Biología 
650 |a Ciencias Ambientales 
650 |a Saint-Marc, Philippe 
700 |a Saint Marc, Philippe  |e (autor) 
700 |a Kister, Pierre  |e (entrevista) 
700 |a Salvat, Manuel  |e (dirección) 
700 |a Marco, Joaquín  |e (dirección editorial) 
910 |a Fondo General 
920 |a Impresos - Libros 
930 |a Obras de Referencia 
905 |a 102 
901 |a 0500081820  |b IT2  |c REF  |u 20251208 
902 |a https://opac.biblio.iteso.mx/vufind/Record/000151761